Monterrey (1880-1930) (Record no. 1496)

MARC details
000 -CABECERA
campo de control de longitud fija 00980nam a2200241 a 4500
001 - NÚMERO DE CONTROL
campo de control BRCA_1706
005 - FECHA Y HORA DE LA ÚLTIMA TRANSACCIÓN
campo de control 20190320203521.0
008 - DATOS DE LONGITUD FIJA--INFORMACIÓN GENERAL
campo de control de longitud fija 020523s2001 mx-a---##b---#000-0#spa-#
020 ## - NÚMERO INTERNACIONAL ESTÁNDAR DEL LIBRO
Número Internacional Estándar del Libro 9688910244
040 ## - FUENTE DE LA CATALOGACIÓN
Centro catalogador/agencia de origen DLC
Centro/agencia transcriptor DLC
Centro/agencia modificador DLC
041 ## - CÓDIGO DE LENGUA
Código de lengua del texto/banda sonora o título independiente eng
Código de lengua original spa
050 #4 - SIGNATURA TOPOGRÁFICA DE LA BIBLIOTECA DEL CONGRESO
Número de clasificación F1371.M6
Número de documento/Ítem .M66 2001
245 10 - MENCIÓN DE TÍTULO
Título Monterrey (1880-1930)
Resto del título presas de un lente objetivo
Mención de responsabilidad, etc. selección de fotografías y pies de grabado Delia de Peña Guajardo y Silvia Cárdenas de Mayer ; concepto gráfico, edición y prólogo Ricardo Elizondo Elizondo.
260 ## - PUBLICACIÓN, DISTRIBUCIÓN, ETC.
Lugar de publicación, distribución, etc. [Monterrey, México]
Nombre del editor, distribuidor, etc. Tecnológico de Monterrey
Fecha de publicación, distribución, etc. 2001
300 ## - DESCRIPCIÓN FÍSICA
Extensión 200 p.
Otras características físicas il. a color, mapas
Dimensiones 30 cm.
504 ## - NOTA DE BIBLIOGRAFÍA, ETC.
Nota de bibliografía, etc. Bibliografía: p. [203]
650 14 - PUNTO DE ACCESO ADICIONAL DE MATERIA--TÉRMINO DE MATERIA
Término de materia o nombre geográfico como elemento de entrada Colecciones de fotografías
Subdivisión geográfica México - Monterrey
9 (RLIN) 5327
651 #4 - PUNTO DE ACCESO ADICIONAL DE MATERIA--NOMBRE GEOGRÁFICO
Nombre geográfico Monterrey (México)
Subdivisión general Historia - En la fotografía
9 (RLIN) 5328
700 1# - PUNTO DE ACCESO ADICIONAL--NOMBRE DE PERSONA
Nombre de persona Peña Guajardo, Delia de
9 (RLIN) 5329
700 1# - PUNTO DE ACCESO ADICIONAL--NOMBRE DE PERSONA
Nombre de persona Cárdenas de Mayer, Silvia
9 (RLIN) 5330
700 1# - PUNTO DE ACCESO ADICIONAL--NOMBRE DE PERSONA
Nombre de persona Elizondo Elizondo, Ricardo
9 (RLIN) 5331
942 ## - ELEMENTOS DE PUNTO DE ACCESO ADICIONAL (KOHA)
Fuente del sistema de clasificación o colocación Library of Congress Classification
Tipo de ítem Koha Libros
Holdings
Estado de retiro Estado de pérdida Estado dañado No para préstamo Localización permanente Ubicación/localización actual Fecha de adquisición Total de préstamos Signatura topográfica completa Código de barras Fecha visto por última vez Precio válido a partir de Tipo de ítem Koha
El ejemplar forma parte de la colección y puede ser consultado según las políticas vigentes.       Biblioteca del Museo Franz Mayer (Rogerio Casas-Alatriste) Biblioteca del Museo Franz Mayer (Rogerio Casas-Alatriste) 27/06/2008   F1371.M6 .M66 2001 02343 22/03/2019 22/03/2019 Libros